<?xml version="1.0" encoding="UTF-8"?>
<record
    xmlns:xsi="http://www.w3.org/2001/XMLSchema-instance"
    xsi:schemaLocation="http://www.loc.gov/MARC21/slim http://www.loc.gov/standards/marcxml/schema/MARC21slim.xsd"
    xmlns="http://www.loc.gov/MARC21/slim">

  <leader>00744nam a2200253u  4500</leader>
  <datafield tag="999" ind1=" " ind2=" ">
    <subfield code="c">9475</subfield>
    <subfield code="d">9475</subfield>
  </datafield>
  <controlfield tag="001">932630</controlfield>
  <controlfield tag="003">GBCCL</controlfield>
  <controlfield tag="005">20241126110712.0</controlfield>
  <controlfield tag="008">971103s1969    enkac    b    000 0 eng d</controlfield>
  <datafield tag="010" ind1=" " ind2=" ">
    <subfield code="a">MRC02702606</subfield>
  </datafield>
  <datafield tag="035" ind1=" " ind2=" ">
    <subfield code="a">tcgc240314</subfield>
  </datafield>
  <datafield tag="040" ind1=" " ind2=" ">
    <subfield code="c">MvI</subfield>
  </datafield>
  <datafield tag="082" ind1=" " ind2=" ">
    <subfield code="a">222.1106</subfield>
    <subfield code="b">HAR</subfield>
  </datafield>
  <datafield tag="090" ind1=" " ind2=" ">
    <subfield code="a">BS1239</subfield>
    <subfield code="b">.H3 1969</subfield>
  </datafield>
  <datafield tag="100" ind1="1" ind2=" ">
    <subfield code="a">Hargreaves, John,</subfield>
    <subfield code="d">1911-2008.</subfield>
    <subfield code="9">3105</subfield>
  </datafield>
  <datafield tag="245" ind1="1" ind2="2">
    <subfield code="a">A Guide to the book of Genesis.</subfield>
    <subfield code="c">With a foreword by William Neil. </subfield>
  </datafield>
  <datafield tag="260" ind1=" " ind2=" ">
    <subfield code="a">Delhi: </subfield>
    <subfield code="b">ISPCK, </subfield>
    <subfield code="c">1987</subfield>
  </datafield>
  <datafield tag="300" ind1=" " ind2=" ">
    <subfield code="a">xii, 180 p. :</subfield>
    <subfield code="b">illus., ports. ;</subfield>
    <subfield code="c">22 m.</subfield>
  </datafield>
  <datafield tag="490" ind1="1" ind2=" ">
    <subfield code="a">ISPCK Study Guide  ;</subfield>
    <subfield code="v">3</subfield>
  </datafield>
  <datafield tag="504" ind1=" " ind2=" ">
    <subfield code="a">Includes bibliography.</subfield>
  </datafield>
  <datafield tag="630" ind1="0" ind2="0">
    <subfield code="a">Bible.</subfield>
    <subfield code="p">Genesis</subfield>
    <subfield code="v">Commentaries.</subfield>
    <subfield code="9">13616</subfield>
  </datafield>
  <datafield tag="830" ind1=" " ind2="0">
    <subfield code="a">TEF study guide ;</subfield>
    <subfield code="v">3.</subfield>
    <subfield code="9">16514</subfield>
  </datafield>
  <datafield tag="942" ind1=" " ind2=" ">
    <subfield code="2">ddc</subfield>
    <subfield code="c">BK</subfield>
    <subfield code="0">3</subfield>
  </datafield>
  <datafield tag="952" ind1=" " ind2=" ">
    <subfield code="0">0</subfield>
    <subfield code="1">0</subfield>
    <subfield code="2">ddc</subfield>
    <subfield code="4">0</subfield>
    <subfield code="7">0</subfield>
    <subfield code="a">GBC</subfield>
    <subfield code="b">GBC</subfield>
    <subfield code="c">BS</subfield>
    <subfield code="d">2023-01-24</subfield>
    <subfield code="l">3</subfield>
    <subfield code="o">222.1106 HAR</subfield>
    <subfield code="p">020375</subfield>
    <subfield code="r">2025-05-01 00:00:00</subfield>
    <subfield code="s">2024-09-20</subfield>
    <subfield code="t">c.1</subfield>
    <subfield code="w">2023-01-24</subfield>
    <subfield code="y">BK</subfield>
  </datafield>
</record>
